| 000 | 00443 a2200145 4500 | ||
|---|---|---|---|
| 999 |
_c3169 _d3169 |
||
| 020 | _a0521368650 | ||
| 050 | _aQA 9 HAM 1988 | ||
| 100 |
_aHamilton, A.G. _eauthor |
||
| 245 |
_aLogic for mathematics / _cA. G. Hamilton |
||
| 264 |
_aNew York : _bCambridge University Press _c1988 |
||
| 300 | _aviii; 228p. : | ||
| 500 | _aIncludes bibliographical references and index | ||
| 650 | _aLogic, Symbolic and mathematical | ||
| 942 |
_2lcc _cBK _h9 _iHAM _kQA |
||